Childhood and its regimes of visibility in Brazil: an analysis of the contribution of the social sciences (Record no. 86353)

000 -LEADER
fixed length control field 00573pab a2200205 454500
008 - FIXED-LENGTH DATA ELEMENTS--GENERAL INFORMATION
fixed length control field 180718b2010 xxu||||| |||| 00| 0 eng d
100 ## - MAIN ENTRY--PERSONAL NAME
Personal name Castro, Lucia Rabello de
245 ## - TITLE STATEMENT
Title Childhood and its regimes of visibility in Brazil: an analysis of the contribution of the social sciences
260 ## - PUBLICATION, DISTRIBUTION, ETC.
Date of publication, distribution, etc. 2010
300 ## - PHYSICAL DESCRIPTION
Extent p.206-31.
362 ## - DATES OF PUBLICATION AND/OR SEQUENTIAL DESIGNATION
Dates of publication and/or sequential designation Mar
650 ## - SUBJECT ADDED ENTRY--TOPICAL TERM
Topical term or geographic name entry element Social sciences
650 ## - SUBJECT ADDED ENTRY--TOPICAL TERM
Topical term or geographic name entry element Rights of the child
650 ## - SUBJECT ADDED ENTRY--TOPICAL TERM
Topical term or geographic name entry element Social problems
650 ## - SUBJECT ADDED ENTRY--TOPICAL TERM
Topical term or geographic name entry element Childhood
700 ## - ADDED ENTRY--PERSONAL NAME
Personal name Kosminsky, Ethel V.
773 ## - HOST ITEM ENTRY
Main entry heading Current Sociology
908 ## - PUT COMMAND PARAMETER (RLIN)
Put command parameter N
909 ## -
-- 86353
Holdings
Withdrawn status Lost status Damaged status Not for loan Permanent Location Current Location Date acquired Serial Enumeration / chronology Barcode Date last seen Price effective from Koha item type
        Indian Institute of Public Administration Indian Institute of Public Administration 2018-07-19 Volume no: 58, Issue no: 2 AR86813 2018-07-19 2018-07-19 Articles

Powered by Koha